000 00807nam a2200265Ia 4500
003 OSt
005 20220930085610.0
006 a|||||r|||| 00| 0
007 ta
008 220926b |||||||| |||| 00| 0 hin d
024 _a102504
037 _cTheses
040 _aCRL
_cCRL
_bhin
041 _2hin
_ahin
100 _aDhananjay Singh
_9540684
110 _aUniversity of Delhi. Faculty of Arts. Department of Hindi
245 0 _aLokdharmi natyey parampara aur Bhikari Thakur ka natyey sahityey
260 _c2008
300 _a274
_ap.
_ccm.
650 _aHINDI LITERATURE
_923866
700 _a Prof. Ajay Tiwari Gu.
_9538821
700 _aUniversity of Delhi. Faculty of Arts. Department of Hindi
942 _cDIS
_2CC
999 _c879211
_d879211